000
00239nam a2200097Ia 4500
001
688854
005
20250826161623.0
008
250824s9999 xx 000 0 und d
245
0
_a
KAHKAHA TARLASI
_c
SULHİ DÖLEK
260
_b
BİLGİ YAYINLARI
999
_c
688854
_d
688854